000 02456cam a22005774i 4500
003 PE-LiUPU
005 20250731180152.0
008 150706s2007 sp a r 000 0 spa d
020 _a8448156579
020 _a9788448156572
035 _a(Sirsi) a52499
040 _aPE-LiUPU
_bspa
_cPE-LiUPU
_erda
_dPE-LiUPU
049 _aPRUA
082 0 4 _a547
_bH22
_221
100 1 _aHart, Harold,
_eautor.
245 1 0 _aQuímica orgánica /
_cHarold Hart, Leslie E. Craine, David J. Hart y Christopher M. Hadad.
250 _a12a. edición.
264 1 _aAravaca :
_bMcGraw Interamerica,
_c2007.
300 _a578 páginas :
_bilustraciones ;
_c28 centímetros
336 _atext
_2rdacontent
337 _aunmediated
_2rdamedia
338 _avolume
_2rdacarrier
505 0 _aEnlaces e isomería -- Alcanos y cicloalcanos; isomería conformacional y geométrica -- Alquenos y alquinos -- Compuestos aromáticos -- Estereoisometría -- Compuestos orgánicos halogenados; reacciones de sustitución y eliminación -- Alcoholes, fenoles y tioles -- Éteres y epóxidos -- Aldehídos y cetonas -- Ácidos carboxílicos y sus derivados -- Aminas y compuestos nitrogenados relacionados -- Espectroscopia y determinación de estructuras -- Compuestos heterocíclicos -- Polímeros sintéticos -- Lípidos y detergentes -- Carbohidratos -- Aminoiácidos, péptidos y proteínas -- Nucleotidos y ácidos nucleicos.
526 _aSEG44
526 _aSEG26
526 _aP159
526 _aP155
526 _aP154
526 _aP153
526 _aP150
526 _aP100
526 _aP31
526 _aP30
526 _aP26
526 _aP25
526 _aP24
526 _aP22
526 _aP15
526 _aP10
541 _g015-001551;
650 0 7 _aQuímica Orgánica
_2lemb
_92142
700 1 _aCraine, Leslie E.,
_eautor.
700 1 _aHart, David J.,
_eautor.
700 1 _aGarcia Martín, Tomas,
_etr.
910 _clch
_d20130617
942 _2ddc
_cBOOK
949 _a547 H22 2007
_wDEWEY
_c1
_i67478
_lCCODEBUL1
_mBUL
_p83.00
_r0
_sY
_tLIBRO
_u2015-07-06
_xINGENIERIA
_PP24
_o.STAFF. Colección General
994 _aC0
_bPEPRU
596 _a1
999 _a547 H22 2007
_wDEWEY
_c55114
_i67478
_d55114
_e2019-10-27
_f2021-11-5
_g8
_lCCODEBUL1
_mBUL
_n32
_p83.00
_q7
_r0
_sN
_tBOOK
_u2015-7-6
_xBIBLIOTECA
_PP24
_0COMPRA
_o.STAFF. Colección General
980 _81
_gALBERTO SANCHEZ Responsable de Automatización